Mémoire présenté au roi par les évêques de France, au sujet des ordonnances du 16 juin 1828, relative aux écoles secondaires ecclésiastiques

Detalles Bibliográficos
Formato: Libro
Lenguaje:French
Publicado: Paris : chez Édouard Bricon, libraire de la Société Catholique, 1828.
Materias:
Colección:Banco de datos
Acervo:Biblioteca Palafoxiana. Colección de Pliegos Sueltos
Descripción Física:30 p. ; 32°
Tema general:Historia eclesiástica
LEADER 00649nam a22001690004500
035 |a 2077 
041 0 |a fre 
082 0 4 |a FR/PAFX/IMPS/C079/02397 
245 1 0 |a Mémoire présenté au roi par les évêques de France, au sujet des ordonnances du 16 juin 1828, relative aux écoles secondaires ecclésiastiques 
260 |a Paris : chez Édouard Bricon, libraire de la Société Catholique, 1828. 
300 |a 30 p. ; 32° 
505 0 0 |a La biblioteca tiene: 3 ejemplares 
650 1 0 |a Historia eclesiástica 
949 |a I02397, I02397-A, I02397-B 
942 |c PALAPLIE 
943 |g Biblioteca Palafoxiana. Colección de Pliegos Sueltos 
999 |c 1075367  |d 1075367